000 00784nam a2200205Ii 4500
003 JO-AjNU
008 230605s9999||||xx |||||||||||||| ||und||
040 _aJO-AjNU
_bara
_erda
_cJO-AjNU
041 _aara
050 1 4 _aHF5686.G42 2018
100 3 _aبن ابراهيم، الغالي ,
_eauthor
_958137
245 0 0 _aتحليل الربحيه التجاريه لاتخاذ القرارات الاستثماريه في البنوك الاسلاميه: دراسه علميه
250 _aط1
264 3 1 _aعمان: دار صفاء للنشر والتوزيع ، 2018
300 _a416ص
336 _atext
_btxt
_2rdacontent
337 _aunmediated
_bn
_2rdamedia
338 _avolume
_bnc
_2rdacarrier
650 4 _aالربحيه - الربحيه التجاريه
_958138
999 _aA26092
_c29660
_d29660